000 00226nmm a2200085Ia 4500
008 220120s9999||||xx |||||||||||||||||und||
100 _aHayt, William, H
245 0 _aEngineering electromagnetics
260 _aTat mcgraw hill
_c2010
999 _c139525
_d139525